| 000 | 00350nam a22001457a 4500 | ||
|---|---|---|---|
| 999 |
_c7727 _d7727 |
||
| 003 | GBCCL | ||
| 005 | 20241126110635.0 | ||
| 008 | 180913b ||||| |||| 00| 0 eng d | ||
| 040 | _cgbc | ||
| 082 |
_aSOU YOU _b1997 |
||
| 245 | _aYoung Paite association lamka block souvenir | ||
| 260 |
_aLamka: _bYPA, _c1997 |
||
| 300 | _a90p. ; | ||
| 942 |
_2ddc _cARCH |
||